| Tag |
First Indicator |
Second Indicator |
Subfields |
| LEADER |
00000cam a2200000Ii 4500 |
| 001 |
in00004096563 |
| 005 |
20200117110357.0 |
| 008 |
181003t20192019enk b 001 0 eng d |
| 020 |
|
|
|a 1787381269
|q (hardback)
|
| 020 |
|
|
|a 9781787381261
|q (hardback)
|
| 035 |
|
|
|a (OCoLC)on1055265137
|
| 040 |
|
|
|a YDX
|e rda
|c YDX
|d BDX
|d IUL
|d UtOrBLW
|
| 043 |
|
|
|a e-uk---
|a e------
|
| 049 |
|
|
|a TXAM
|
| 050 |
|
4 |
|a DA47.9.E85
|b H48 2019
|
| 082 |
0 |
|
|a 327.4104
|2 23
|
| 100 |
1 |
|
|a Heuser, Beatrice,
|d 1961-
|e author.
|0 http://id.loc.gov/authorities/names/n88081876
|
| 245 |
1 |
0 |
|a Brexit in history :
|b sovereignty or a European Union? /
|c Beatrice Heuser.
|
| 264 |
|
1 |
|a London :
|b Hurst & Company,
|c [2019]
|
| 264 |
|
4 |
|c ©2019
|
| 300 |
|
|
|a xii, 301 pages ;
|c 23 cm.
|
| 336 |
|
|
|a text
|b txt
|2 rdacontent
|
| 337 |
|
|
|a unmediated
|b n
|2 rdamedia
|
| 338 |
|
|
|a volume
|b nc
|2 rdacarrier
|
| 504 |
|
|
|a Includes bibliographical references and index.
|
| 505 |
0 |
|
|a Acknowledgements -- 1. Introduction: The dialectic of empire, sovereignty, and co-operative syntheses. State systems: Neglected dimension of international relations theory -- 2. Inter-'national' relations? Problems of terminology and basic assumptions. The evolution of words and ideas -- Prescriptions for inter-polity relations -- Geography, geopolitics and geostrategy -- Demography and identities -- 3. Ideas inherited from antiquity. One people, one God: The Israelites -- Fighting for liberty, and rival Autarkic polities: Ancient Greece -- Alexander's empire: Liberator or tyrant? -- Rome: Imperium becomes empire and Pax Roman -- 4. The middle ages: The Christian universe. The restoration of the Roman Empire and peace through the Universal empire -- Three forms of war vs Pax Dei and Landrieden -- The outsiders' bid for independence: Sovereignty and competition -- Arbitration and mediation -- Dynastic ambitions and proto-nationalism -- How Europe came to rule the world -- The medieval system -- 5. Early modern history: The break-down of the Universal Republic of Christendom. The reformation -- Imperium and global competition -- The Holy Roman Empire vs Bodin's sovereign state -- Liberties vs universality -- The Turkish threat -- Raison d'état, dynastic competition and balance-of-power wars -- 6. The quest for a peace system or a European Union, 1305-1796. Pierre Dubois and King George Podiebrad -- Crucé, Sully and Penn -- Nijmegen 1678 to Utrecht 1713: Balance of power and common good over dynastic interest -- The Abbé de Saint-Pierre and Jeremy Bentham -- Guibert, the French Revolution, and Kant -- Napoleon's succession to the (Holy Roman) Empire -- Gentz's critique of the confederative proposals -- 7. From great-power oligarchy to nationalism competition, 1813-1918. The congress system: Concert of great powers -- Bluntschli vs Moltke -- Colonial empires for all and the growth of nationalism -- 8. Recreating a universal order I: The league of nations. A European alternative? -- The 1929 financial crisis, the return of national interests, and drift to war -- 9. Recreating a universal order II: The United Nations in the Cold War. Western defence co-operation: WU, WEU and NATO -- 10. European integration: Between Confederation and federation. Defence integration or a Europe of the Fatherlands? -- 11. From the renewed UN concert to the new cold war. The 'new world order' or the hope that the pentarchy will finally work -- Cold War II and the return to sovereigntism -- Notes -- Index.
|
| 520 |
|
|
|a Are Europeans hard-wired for conflict? Given the enmities that wracked the Greek city-states, or the Valois, Bourbons and Habsburgs, it seems undeniable. The Holy Roman Empire promised peace, but collapsed before it could deliver it, while rival rulers counterbalanced its power by stressing their own sovereign independence. Yet, since Antiquity, there has also been a yearning for the rule of law, the Pax Romana. For seven centuries, Europe's philosophers and diplomats have sought to build institutions of compromise between the unrestricted competition of nation-states and the universal monarchy of the old empires, a confederation whose representatives would meet to resolve differences. We have seen these ambitions at least partially realized in a progression of multilateral solutions, the Congress System, the League of Nations, the United Nations and the European Union. But, with the United Kingdom's vote to leave the EU, state sovereignty seems to be pushing back against two centuries of travel in the other direction. The Brexit result shows that distrust of a 'greater Europe' and fierce insistence on state sovereignty remain live issues in today's politics. To explain recent events, Beatrice Heuser charts the history and culture underpinning this age-old tension between two systems of international affairs.
|
| 610 |
2 |
0 |
|a European Union
|z Great Britain.
|0 http://id.loc.gov/authorities/subjects/sh2017003454
|
| 610 |
2 |
0 |
|a European Union
|x Membership.
|0 http://id.loc.gov/authorities/subjects/sh2004002761
|
| 651 |
|
0 |
|a Great Britain
|x Foreign relations
|z European Union countries.
|
| 651 |
|
0 |
|a European Union countries
|x Foreign relations
|z Great Britain.
|
| 945 |
|
|
|b 267044
|
| 947 |
|
|
|a A14850819435
|
| 948 |
|
|
|a cataloged
|b h
|c 2019/12/10
|d c
|e dmitchel
|f 10:10:10 am
|
| 994 |
|
|
|a 92
|b TXA
|
| 999 |
f |
f |
|s 376dc8ed-adf3-35ea-a0a7-337ec2401b63
|i 8a2cd467-3a4d-3114-b045-b427c5c3709f
|t 0
|
| 952 |
f |
f |
|p normal
|a Texas A&M University
|b College Station
|c Sterling C. Evans Library
|d Evans: Library Stacks
|t 0
|e DA47.9.E85 H48 2019
|h Library of Congress classification
|i unmediated -- volume
|m A14850819435
|
| 998 |
f |
f |
|a DA47.9.E85 H48 2019
|t 0
|l Evans: Library Stacks
|